Modern database management / (Record no. 189120)
[ view plain ]
| 000 -LEADER | |
|---|---|
| fixed length control field | 00869 a2200229 4500 |
| 003 - CONTROL NUMBER IDENTIFIER | |
| control field | Nust |
| 005 - DATE AND TIME OF LATEST TRANSACTION | |
| control field | 20230608124820.0 |
| 010 ## - LIBRARY OF CONGRESS CONTROL NUMBER | |
| LC control number | 93031795 |
| 020 ## - INTERNATIONAL STANDARD BOOK NUMBER | |
| International Standard Book Number | 0805360476 |
| 040 ## - CATALOGING SOURCE | |
| Transcribing agency | Nust |
| 082 00 - DEWEY DECIMAL CLASSIFICATION NUMBER | |
| Classification number | 005.74,MCF |
| 100 1# - MAIN ENTRY--PERSONAL NAME | |
| Personal name | Fred R McFadden., |
| 9 (RLIN) | 113094 |
| 245 10 - TITLE STATEMENT | |
| Title | Modern database management / |
| Statement of responsibility, etc. | Fred R. McFadden, Jeffrey A. Hoffer. |
| 250 ## - EDITION STATEMENT | |
| Edition statement | 4th ed. |
| 260 ## - PUBLICATION, DISTRIBUTION, ETC. | |
| Place of publication, distribution, etc. | Redwood City, Calif. : |
| Name of publisher, distributor, etc. | Benjamin/Cummings, |
| Date of publication, distribution, etc. | c1994. |
| 300 ## - PHYSICAL DESCRIPTION | |
| Extent | xxv, 597 p. : |
| Other physical details | ill. (some col.) ; |
| Dimensions | 29 cm. |
| 505 ## - FORMATTED CONTENTS NOTE | |
| Formatted contents note | The Context of Database Development (Page-2), Data Modeling snd Database Design (Page-120), Relational Database Implementation (Page-280), Data Administration snd Distributed Databases (Page-422), Legacy Database Systems (Page-490). |
| 650 #0 - SUBJECT ADDED ENTRY--TOPICAL TERM | |
| Topical term or geographic name entry element | Database management. |
| 700 1# - ADDED ENTRY--PERSONAL NAME | |
| Personal name | Hoffer, Jeffrey A. |
| 700 1# - ADDED ENTRY--PERSONAL NAME | |
| Personal name | McFadden, Fred R., |
| Dates associated with a name | 1933- |
| 942 ## - ADDED ENTRY ELEMENTS (KOHA) | |
| Source of classification or shelving scheme | |
| Koha item type | Book Bank |
| Withdrawn status | Lost status | Source of classification or shelving scheme | Damaged status | Not for loan | Permanent Location | Current Location | Shelving location | Date acquired | Full call number | Barcode | Date last seen | Price effective from | Koha item type | Public note |
|---|---|---|---|---|---|---|---|---|---|---|---|---|---|---|
| Military College of Signals (MCS) | Military College of Signals (MCS) | General Stacks | 12/12/2016 | 005.74,MCF | MCS34839 | 12/08/2016 | 12/12/2016 | Book | Almirah No.81, Shelf No.3 |
